00439nam a2200121Ia 4500008004100000024005600041082002100097100006900118245004000187260002500227600003200252650003300284250506s9999 xx 000 0 und d a99A-044-CS, 99A-045-CS, 99A-050-CS & 99A-051-CS a621.38215072 ALI aAli Hamza Ali, Ismail Husain Ali, M. Haroon Khan & Sohail Younus 0aNetwork Based Industrial Automation aKarachi:bUIT,c1999 aComputer System Engineering aBachelor of Engineering (BE)